Couleurs de la page d'accueil JetPunk - Statistiques

Statistiques générales
  • Ce quiz a été pris 59 fois
    49 depuis la dernière actualisation
  • Le résultat moyen est 6 sur 7
Statistiques - réponses
Hint Réponse % Correct
5 Bleu
100%
6 Jaune
100%
2 Vert
100%
3 Blanc
98%
1 Noir
96%
4 Gris
80%
7 Violet
59%
Aucun quiz correspondant
Distribution des résultats
% des personnes avec chaque résultat
Percentile par nombre de réponses
Votre historique - résultats
Vous n’avez pas pris ce quiz depuis la dernière actualisation